Statistics for Lyrics to All Star by Smash mouth part 2

Click here to take the quiz!

General Stats

  • This quiz has been taken 8 times
  • The average score is 6 of 10

Answer Stats

HintAnswer% Correct
It's a ____ place and they say it gets colderCool
80%
My world is on _____ how about yoursFire
80%
That's the way I like it and __ never get bored I
80%
You ____as well swimMight
80%
The ice we is ____ getting pretty thinSkate
80%
The waters getting ____ so Warm
80%
Your ______ up now what till you get olderBundled
40%
Judging by the ___ in Hole
40%
The _______ picture Satellite
40%
But the _____ men beg to differ Meteor
0%

Score Distribution

Percentile by Number Answered

Percent of People with Each Score

Your Score History

You have not taken this quiz